[Event "Ruhrgebiet VK1 0304"]
[Site "Ruhrgebiet"]
[Date "2003.09.28"]
[Round "1.2"]
[White "Doenges, Dirk"]
[Black "Schoetz, Hans Joachim"]
[Result "0-1"]
[WhiteElo "1951"]
[BlackElo "1893"]
[PlyCount "82"]
[EventDate "2003.09.28"]
[EventType "team-tourn"]
[EventRounds "9"]
[EventCountry "GER"]
[SourceTitle "EXT 2007"]
[Source "ChessBase"]
[SourceDate "2006.11.23"]
[SourceVersion "1"]
[SourceVersionDate "2006.11.23"]
[SourceQuality "1"]
[WhiteTeam "Horst II"]
[BlackTeam "Boenen SV"]
[WhiteTeamCountry "GER"]
[BlackTeamCountry "GER"]

1. e4 c5 2. Nf3 d6 3. d4 cxd4 4. Nxd4 Nf6 5. Nc3 a6 6. Bc4 e6 7. Be3 Nc6 8. 0-0 Be7 9. Qe2 0-0 10. Rad1 Qc7 11. f4 b5 12. Bd3 b4 13. Na4 Nxd4 14. Bxd4 e5 15. Be3 Bg4 16. Rf3 Qc6 17. Nb6 exf4 18. Bf2 Rab8 19. Nd5 Nxd5 20. exd5 Qd7 21. Qe4 g6 22. Qxf4 Bxf3 23. Qxf3 f5 24. Bxa6 Bf6 25. c3 Qa4 26. Bc4 bxc3 27. Bb3 Qa5 28. bxc3 Qxc3 29. Rd3 Qc1+ 30. Rd1 Qc3 31. Rd3 Qc1+ 32. Rd1 Qb2 33. Qd3 Rfe8 34. Kf1 Re4 35. Bg3 Be5 36. Rb1 Bxg3 37. hxg3 Qe5 38. Kf2 Re8 39. Qf3 f4 40. Kg1 fxg3 41. Rf1 Qd4+ 0-1